书目信息 |
| 题名: |
魅力课
|
|
| 作者: | 叶轻舟 , 叶轻舟 编著 | |
| 分册: | ||
| 出版信息: | 北京 北京工业大学出版社 2005.12 |
|
| 页数: | 185页 | |
| 开本: | 25cm | |
| 丛书名: | ||
| 单 册: | ||
| 中图分类: | Z228.4 | |
| 科图分类: | ||
| 主题词: | ||
| 电子资源: | ||
| ISBN: | 7-5639-1595-8 | |
| 000 | 00647nam0 2200193 450 | |
| 001 | CAL 012005142569 | |
| 005 | 20060605091532.01 | |
| 010 | @a7-5639-1595-8@dCNY 22.80 | |
| 099 | @aCAL 012005142569 | |
| 200 | 1 | @a魅力课@Amei li ke@e从美丽女人到魅力女人的6堂必修棵@f叶轻舟编著@Fye qing zhou bian zhu |
| 210 | @a北京@c北京工业大学出版社@d2005.12 | |
| 215 | @a185页@c图@d25cm | |
| 517 | 1 | @a从美丽女人到魅力女人的6堂必修棵@Acong mei li nv ren dao mei li nv ren de 6 tang bi xiu ke |
| 690 | @aZ228.4@v4 | |
| 701 | 0 | @a叶轻舟@Aye qing zhou@4编著 |
| 701 | 0 | @a叶轻舟@Aye qing zhou@4编著 |
| 801 | 0 | @c20060605 |
| 905 | @dZ228.4@eY445 | |
| 906 | @dCNY 22.80@n3@r1 | |
| 魅力课:从美丽女人到魅力女人的6堂必修棵/叶轻舟编著.-北京:北京工业大学出版社,2005.12 |
| 185页:图;25cm |
| ISBN 7-5639-1595-8:CNY 22.80 |
| ● |
| 相关链接 |
|
|
|
正题名:魅力课
索取号:Z228.4/Y445
 
预约/预借
| 序号 | 登录号 | 条形码 | 馆藏地/架位号 | 状态 | 备注 |
| 1 | 605111 | 206051118 | 自科库501/ [索取号:Z228.4/Y445] | 在馆 | |
| 2 | 605112 | 206051127 | 自科库501/501自科库 129排2列4层/ [索取号:Z228.4/Y445] | 在馆 |